000 01058cam a22003257a 4500
999 _c174365
_d174365
001 3492837
003 Nust
005 20170124160523.0
008 940315s1984 nyu 000 0 eng
010 _a 94130926
020 _a9780425068038
040 _aDLC
_cDLC
_dDLC
050 0 0 _aMLC R CP00815
082 0 0 _a823.912
_bCHR
100 1 _aChristie, Agatha,
_d1890-1976.
240 1 0 _aThere is a tide
245 1 0 _aTaken at the flood /
_cAgatha Christie.
250 _aBerkley ed.
260 _aNew York :
_bBerkley,
_c1984.
300 _a248 p. ;
_c18 cm.
500 _aSource: Copyright deposit.
_5DLC
655 7 _aDetective and mystery stories.
_2gsafd
710 2 _aBerkley Books.
710 2 _aCopyright Paperback Collection (Library of Congress)
_5DLC
906 _a7
_bcbc
_corignew
_du
_encip
_f19
_gy-gencatlg
942 _2ddc
_cBK